000 01243nam a22003617a 4500
001 0066554
003 KOHA_MİRAKIL
005 20260207004645.0
007 ta
008 211202b2017 tu a|||gr||||#0|||1|tur |
020 _a9789754712216
040 _aTR-BiSEU
_btur
_cTR-BiSEU
_erda
041 0 _atur
044 _ctu
050 _aPC4121
_b.O38 2017
245 1 _aKendi kendine İspanyolca ilk adım/
_chazırlayan Kübra Sağlam.
250 _a8. Baskı
264 1 _aİstanbul :
_bFono Açıköğretim Kurumu Yayınları
_c2017
300 _a302 pages :
_billustrations, tables ;
_c23 cm.
336 _ametin
_btxt
_2rdacontent
337 _aaracısız
_bn
_2rdamedia
338 _acilt
_bnc
_2rdacarrier
490 1 _aFono yayın no ;
_v426
500 _a''Kendi kendine İspanyolca ilk adım-1''--Cover.
500 _a''İspanyolcayı kolay öğrenmek isteyenler için''--Cover.
500 _aIn Turkish with parallel text in Spanish.
650 0 _aSpanish language--Conversation and phrase books--Turkish.
_9125840
650 0 _aSpanish language--Spoken Spanish.
_9125841
650 0 _aSpanish language--Pronunciation.
_9125842
830 1 _aFono yayın no ;
_v426
_93342
907 _aDil ve Edebiyat
942 _2lcc
_cBK
999 _c66993
_d66993